000 00827nam a2200229 a 4500
005 20221014063923.0
008 190208s2016 mx r 000 0 spa d
020 _a9786071644473
035 _aUPN01000228944
049 _aCG
050 4 _aRC456
_bM3.6
245 0 0 _aManual de psiquiatría clínica y psicopatológica del adulto /
_ccoord. Vassilis Kapsambelis ; tr. Glenn Gallardo Jordán.
260 _aMéxico :
_bFCE,
_c2016.
300 _a958 p. :
_bcuadros, gráfs.
440 0 _aSección de obras de psicología, psiquiatría y psicoanálisis
534 _pTítulo original:
_tManuel de psychiatrie clinique et psychopathologique de l'adulte
650 4 _aPsiquiatría
_vManuales
_927397
650 7 _aPsicopatología
_2
_945619
700 1 _aKapsambelis, Vassilis,
_ecoord.
905 _aLibro
999 _c201039
_d201039